One Piece - Point Commun #3 - Statistiques

Statistiques générales
  • Ce quiz a été pris 129 fois
  • Le résultat moyen est 7 sur 12
Statistiques - réponses
Par images Réponse % Correct
Médecin
91%
Amiraux de la Marine
82%
Famille
81%
Dieu
77%
Equipage de Roger
77%
Lunette
77%
Scientifique
65%
Chauve
56%
Cache sa Bouche
46%
Tireur d'élite
36%
Enfermé à Impel Down
18%
Traître, ou Rebelle
2%
Aucun quiz correspondant
Distribution des résultats
% des personnes avec chaque résultat
Percentile par nombre de réponses
Votre historique - résultats
Vous n’avez pas pris ce quiz